Películas 2024 - Estadísticas

Estadísticas generales
  • Esta prueba ha sido intentada 90 veces
  • La puntuación promedio es 10 de 37
Estadísticas de respuestas
Imagen Respuesta % Correcto
Inside out 2
96%
Gladiator 2
78%
Dune 2
55%
Joker 2
53%
Wicked
44%
El 47
42%
La sustancia
42%
Challengers
41%
Anora
35%
Nosferatu
32%
Casa en flames
31%
Vivir el momento
31%
Conclave
27%
Emilia Pérez
27%
Flow
26%
Jurado nº 2
24%
Trap
24%
Civil War
23%
Deadpool and Wolverine
23%
La habitación de al lado
23%
Robot Salvaje
22%
The brutalist
22%
Beekeeper
15%
Heretic
15%
Kraven
15%
La infiltrada
15%
Marco, la verdad inventada
15%
A real pain
14%
Cuerpo escombro
14%
Megalopolis
14%
Red one
14%
Carry on
13%
Alien: Romulus
10%
Terrifier 3
10%
Aun estoy aquí
9%
Wolfs
9%
El conde de montecristo
5%
No se encontraron pruebas coincidentes
Distribución de puntuación
Porcentaje de gente con cada puntuación
Porcentaje por número respondido
Historial de tus puntuaciones
No has intentado esta prueba.